Districts and Local Government Areas of Bougainville - Statistics

General Stats
  • This quiz has been taken 10 times
  • The average score is 6 of 15
Answer Stats
District/LGA % Correct
Buka LGA
75%
Arawa LGA
50%
Atolls LGA
50%
Central
50%
North
50%
South
50%
Nissan LGA
38%
Wakunai LGA
38%
Bana LGA
25%
Buin LGA
25%
Kunua LGA
25%
Selau-Suir LGA
25%
Siwai LGA
25%
Tinputz LGA
25%
Torokina LGA
25%
No matching quizzes found
Score Distribution
Percent of People with Each Score
Percentile by Number Answered
Your Score History
You have not taken this quiz